000 01402cam a22003371 4500
001 gs 64000303
003 DLC
005 20260227111414.0
008 791116s1963 lauab s001 0 eng
010 _ags 64000303
035 _a(OCoLC)5701831
040 _aDLC
_cL
_dOCoLC
_dDLC
042 _apremarc
050 0 0 _aGB705.L8
_bA8 no. 4
100 1 _aNewcome, Roy,
_d1925-
245 1 0 _aWater resources of Natchitoches Parish Louisiana,
_cby Roy Newcome, Jr., Leland V. Page and Raymond Sloss.
260 _aBaton Rouge,
_bDept. of Conservation, Louisiana Geological Survey and Louisiana Dept. of Public Works,
_c1963.
300 _axi, 189 p.
_billus., maps.
_c23 cm.
_aand portfolio (6 fold. plates, 6 fold. maps)
410 2 0 _aLouisiana Geological Survey
_tWater resources bulletin
_vno. 4.
500 _aPrepared in cooperation with the U. S. Geological Survey.
504 _aBibliography: p. 111-115.
650 0 _aWater-supply
_zLouisiana
_zNatchitoches Parish.
650 0 _aGroundwater
_zLouisiana
_zNatchitoches Parish.
650 0 _aStream measurements
_zLouisiana
_zNatchitoches Parish.
650 0 _aBorings
_zLouisiana
_zNatchitoches Parish.
650 0 _aWater
_xComposition.
700 1 _aPage, Leland Vernon,
_d1915-
_ejoint author.
700 1 _aSloss, Raymond,
_d1920-
_ejoint author.
710 2 _aGeological Survey (U.S.)
710 1 _aLouisiana.
_bDepartment of Public Works.
999 _c29885
_d29885